A learner's Arabic-English dictionary. (Record no. 49834)
[ view plain ]
| 000 -LEADER | |
|---|---|
| fixed length control field | 00745cam a22002291 4500 |
| 001 - CONTROL NUMBER | |
| control field | ne 67001784 |
| 003 - CONTROL NUMBER IDENTIFIER | |
| control field | DLC |
| 005 - DATE AND TIME OF LATEST TRANSACTION | |
| control field | 20260227111835.0 |
| 008 - FIXED-LENGTH DATA ELEMENTS--GENERAL INFORMATION | |
| fixed length control field | 740123r19661884le d 00000 eng |
| 010 ## - LIBRARY OF CONGRESS CONTROL NUMBER | |
| LC control number | ne 67001784 //r832 |
| 025 ## - OVERSEAS ACQUISITION NUMBER | |
| Overseas acquisition number | PL480:UAR-8326 |
| 041 0# - LANGUAGE CODE | |
| Language code of text/sound track or separate title | engara |
| 050 0# - LIBRARY OF CONGRESS CALL NUMBER | |
| Classification number | PJ6640 |
| Item number | .S8 1966 |
| 082 ## - DEWEY DECIMAL CLASSIFICATION NUMBER | |
| Classification number | 492.7/3/2 |
| 100 10 - MAIN ENTRY--PERSONAL NAME | |
| Personal name | [Steingass, Francis Joseph] |
| Dates associated with a name | 1825-1903. |
| 240 10 - UNIFORM TITLE | |
| Uniform title | Student's Arabic-English dictionary |
| 245 12 - TITLE STATEMENT | |
| Title | A learner's Arabic-English dictionary. |
| 260 0# - PUBLICATION, DISTRIBUTION, ETC. | |
| Place of publication, distribution, etc. | Beirut, |
| Name of publisher, distributor, etc. | Librairie du Liban |
| Date of publication, distribution, etc. | [1966] |
| 300 ## - PHYSICAL DESCRIPTION | |
| Extent | 1242 p. |
| Dimensions | 23 cm. |
| 500 ## - GENERAL NOTE | |
| General note | Reprint of the ed. published in London, 1884, under title: The student's Arabic-English dictionary. |
| 650 #0 - SUBJECT ADDED ENTRY--TOPICAL TERM | |
| Topical term or geographic name entry element | Arabic language |
| General subdivision | Dictionaries |
| -- | English. |
No items available.